Largest Cities in a Country, that starts with "V" - Statistics

General Stats
  • This quiz has been taken 40 times
  • The average score is 4 of 6
Answer Stats
Population City % Correct
2,860,000 Caracas
97%
3,720,000 Hanoi
97%
8,960,000 Ho Chi Minh City
95%
2,040,000 Maracaibo
35%
1,480,000 Valencia
27%
1,140,000 Maracay
16%
No matching quizzes found
Score Distribution
Percent of People with Each Score
Percentile by Number Answered
Your Score History
You have not taken this quiz